| 000 | 00633nam a22002057a 4500 | ||
|---|---|---|---|
| 999 |
_c13307 _d13307 |
||
| 003 | AR-CdUCM | ||
| 008 | 190411b ||||| |||| 00| 0 spa d | ||
| 040 |
_aMUNICIPALIDAD PROVINCIAL DEL CUSCO _cBIBLIOTECA MUNICIPAL DEL CUSCO |
||
| 082 |
_22ed. _a869.812 / _bR47 / 1901 |
||
| 100 |
_aReyles, Carlos _917688 |
||
| 245 | _aLa Raza de Caín / | ||
| 260 |
_aParís : _bLibr. Paul Ollendorff, _c1901. |
||
| 300 |
_a302 páginas ; _c19 cm. |
||
| 505 | _aContenido: Novela. | ||
| 650 |
_aNovelas uruguayas _931657 |
||
| 650 |
_aSiglo XX _98 |
||
| 650 |
_aNovelas psicológicas _92846 |
||
| 942 |
_2ddc _cLIBROS |
||
| 945 |
_aachl _d2019-04-11 |
||